000 01489nam a22002177a 4500
999 _c58848
_d58848
003 Ge_BSU
005 20221007144324.0
008 221007s1978 ge ||||| |||| 00| 0 geo d
041 _ageo
080 _a1(38)(092) გ-17
100 _aგათრი, უილიამ
_915146
245 _aბერძენი ფილოსოფოსები :
_bთალესიდან არისტოტელემდე /
_cუილიამ გათრი ; ინგლ. თარგმნა გიორგი ნოდიამ ; თარგმ. წინასიტყვ. და რედ.: პროფ. გ. თევზაძე ; საქ. მწერალთა კავშირთან არსებული მხატვ. თარგმ. და ლიტ. ურთიერთობების მთ. სარედ. კოლეგია
264 _aთბილისი :
_b საბჭ. საქართველო,
_c 1983.
300 _a176 გვ. ;
_b 21 სმ.
500 _aპარალელ. თავფურც. ინგლ. ენაზე.
501 _aსახელთა და საგანთა საძიებელი: გვ. 172-175.
504 _aბიბლიოგრ. ტექსტის შენიშვნებში.
653 _aბერძენი ფილოსოფოსები
700 _aნოდია, გ.
_eმთარგმნელი
_912206
942 _2udc
_cBK